Element Named for Places - Statistics

General Stats
  • This quiz has been taken 10 times
  • The average score is 19 of 42
Answer Stats
Places Element % Correct
Moscow Moscovium
89%
California Californium
78%
Mercury Mercury
78%
Pluto Plutonium
78%
Strontian Strontium
78%
Uranus Uranium
78%
Ytterby Yttrium
78%
Berkeley Berkelium
67%
Darmstadt Darmstadtium
67%
Dubna Dubnium
67%
Europe Europium
67%
France Francium
67%
Magnesia Magnesium
67%
Neptune Neptunium
67%
Americas Americium
56%
Germany Germanium
56%
India Indium
56%
Pallas Palladium
56%
Poland Polonium
56%
Cyprus Copper
44%
Sun Helium
44%
Thule Thulium
44%
Ytterby Ytterbium
44%
Ceres Cerium
33%
France Gallium
33%
Magnesia Manganese
33%
Japan Nihonium
33%
Russia Ruthenium
33%
Moon Selenium
33%
Tennessee Tennessine
33%
Belur Beryllium
22%
Ytterby Erbium
22%
Copenhagen Hafnium
22%
Paris Lutetium
22%
Rhine Rhenium
22%
Scandinavia Scandium
22%
Earth Tellurium
22%
Ytterby Terbium
22%
Hesse Hassium
11%
Lawrence Livermore National Laboratory Livemorium
11%
Stockholm Holmium
0%
Venus Phosphorus
0%
No matching quizzes found
Score Distribution
Percent of People with Each Score
Percentile by Number Answered
Your Score History
You have not taken this quiz